000 00291nam a22001217a 4500
003 NUST
005 20231212145322.0
008 140509b xxu||||| |||| 00| 0 eng d
020 _cAvailable
082 _a954.90420924
_bWOL
245 _aJinah of Pakistan
_cWolpert, Stanley
942 _2ddc
_cBK
999 _c24205
_d24205